[Event "Hessen-ch Gr-D 64th"]
[Site "Bad Vilbel"]
[Date "2010.04.04"]
[Round "5"]
[White "Bachmann, Bjoern"]
[Black "Ruell, Michael"]
[Result "0-1"]
[WhiteElo "1534"]
[BlackElo "1778"]
[PlyCount "65"]
[EventDate "2010.03.31"]
[EventType "swiss"]
[EventRounds "5"]
[EventCountry "GER"]
[SourceTitle "EXT 2011"]
[Source "ChessBase"]
[SourceDate "2010.11.26"]
[SourceVersion "1"]
[SourceVersionDate "2010.11.26"]
[SourceQuality "1"]

1. e4 c5 2. Nf3 Nc6 3. d4 cxd4 4. c3 Nf6 5. e5 Nd5 6. cxd4 d6 7. Bc4 Nb6 8. Bb5 d5 9. h3 Bf5 10. Nc3 e6 11. 0-0 Be7 12. Re1 0-0 13. a3 f6 14. exf6 Rxf6 15. Nh4 Rc8 16. Nxf5 exf5 17. Bg5 Rf7 18. Bxe7 Rxe7 19. Be2 Nc4 20. b3 Nb6 21. Qd3 Qe8 22. Rad1 Na5 23. Nb5 Rc6 24. Nxa7 Rce6 25. Kf1 f4 26. Nb5 Nxb3 27. Qxb3 Rxe2 28. Rxe2 Rxe2 29. Nc7 Qh5 30. Qxb6 f3 31. gxf3 Qxf3 32. Qe6+ Rxe6 33. Nxe6 0-1

[Event "Hessen-ch Gr-D 64th"]
[Site "Bad Vilbel"]
[Date "2010.04.03"]
[Round "3"]
[White "Bachmann, Bjoern"]
[Black "Hahlbeck, Sven"]
[Result "1/2-1/2"]
[WhiteElo "1534"]
[BlackElo "1887"]
[PlyCount "117"]
[EventDate "2010.03.31"]
[EventType "swiss"]
[EventRounds "5"]
[EventCountry "GER"]
[SourceTitle "EXT 2011"]
[Source "ChessBase"]
[SourceDate "2010.11.26"]
[SourceVersion "1"]
[SourceVersionDate "2010.11.26"]
[SourceQuality "1"]

1. e4 c6 2. d4 d5 3. e5 Bf5 4. Nc3 e6 5. g4 Bg6 6. Be3 Nd7 7. Nge2 c5 8. Nf4 cxd4 9. Bxd4 Ne7 10. h4 h6 11. Nb5 Nc6 12. Nxg6 fxg6 13. Qd3 Ndxe5 14. Bxe5 Nxe5 15. Qe2 Bd6 16. f4 Nf7 17. Qxe6+ Qe7 18. Nxd6+ Nxd6 19. Qxe7+ Kxe7 20. 0-0-0 Ke6 21. Bg2 Ne4 22. Rhe1 Rad8 23. Bxe4 dxe4 24. Rxe4+ Kf6 25. Rde1 Rd7 26. Re6+ Kf7 27. R6e2 Kf6 28. Rd1 Rhd8 29. Red2 Rxd2 30. Rxd2 Rxd2 31. Kxd2 h5 32. gxh5 gxh5 33. c4 Kf5 34. Ke3 Kg4 35. b4 Kxh4 36. c5 Kg3 37. b5 h4 38. c6 bxc6 39. bxc6 h3 40. c7 h2 41. c8Q h1Q 42. Kd4 Qd1+ 43. Ke5 Qe2+ 44. Kd6 Qd3+ 45. Ke6 Qe4+ 46. Kf7 Qd4 47. Qf5 Qxf4 48. Qxf4+ Kxf4 49. Kxg7 Ke5 50. Kg6 a5 51. a4 Kd4 52. Kf5 Kc4 53. Ke4 Kb4 54. Kd4 Kxa4 55. Kc4 Ka3 56. Kc3 Ka2 57. Kc2 Ka3 58. Kb1 a4 59. Ka1 1/2-1/2

[Event "Frankfurt-ch"]
[Site "Frankfurt"]
[Date "2007.06.11"]
[Round "6"]
[White "Breitbach, Stephan"]
[Black "Bachmann, Bjoern"]
[Result "0-1"]
[WhiteElo "1334"]
[BlackElo "1463"]
[PlyCount "114"]
[EventDate "2007.04.30"]
[EventType "swiss"]
[EventRounds "7"]
[EventCountry "GER"]
[SourceTitle "EXT 2008"]
[Source "ChessBase"]
[SourceDate "2007.11.25"]
[SourceVersion "1"]
[SourceVersionDate "2007.11.25"]
[SourceQuality "1"]

1. c4 e6 2. e3 Nf6 3. g3 d5 4. cxd5 exd5 5. d4 Be7 6. Nc3 0-0 7. Bg2 c6 8. Qc2 Nbd7 9. Nge2 Re8 10. 0-0 Nf8 11. Bd2 Ng6 12. a3 Bd6 13. b4 Bd7 14. Nc1 Qc8 15. Nb3 Bf5 16. Qd1 Qc7 17. Rc1 a6 18. Nxd5 Nxd5 19. Bxd5 Qe7 20. Bg2 Be4 21. Nc5 Bxg2 22. Kxg2 Rac8 23. Qf3 Qg5 24. Kh1 b6 25. Ne4 Qd5 26. Ng5 Qxg5 27. Rxc6 Qb5 28. Rfc1 Bf8 29. Kg2 Ne7 30. R6c3 Rxc3 31. Rxc3 Qd5 32. Qxd5 Nxd5 33. Rc2 f5 34. h4 Kf7 35. Rc6 Ke7 36. a4 Kd7 37. b5 axb5 38. axb5 Rc8 39. Rxc8 Kxc8 40. Kf3 Nc7 41. Kf4 g6 42. g4 fxg4 43. Kxg4 Bh6 44. f4 Nxb5 45. h5 Nd6 46. hxg6 hxg6 47. Kf3 Kd7 48. Bb4 Kc6 49. e4 Bg7 50. d5+ Kd7 51. e5 Ne8 52. Kg4 Nc7 53. e6+ Nxe6 54. dxe6+ Kxe6 55. Kg5 Kf7 56. Bd2 Bf6+ 57. Kg4 b5 0-1

[Event "Hessen-ch qual-E"]
[Site "Erlensee"]
[Date "2007.04.08"]
[Round "5"]
[White "Kuebler, Tobias"]
[Black "Bachmann, Bjoern"]
[Result "0-1"]
[WhiteElo "1457"]
[BlackElo "1432"]
[PlyCount "66"]
[EventDate "2007.04.06"]
[EventType "swiss"]
[EventRounds "5"]
[EventCountry "GER"]
[SourceTitle "CBM 117 Extra"]
[Source "ChessBase"]
[SourceDate "2007.05.09"]
[SourceVersion "1"]
[SourceVersionDate "2007.05.09"]
[SourceQuality "1"]

1. e4 d6 2. d4 Nf6 3. Bd3 g6 4. h3 Bg7 5. Nf3 0-0 6. 0-0 c5 7. d5 e6 8. c4 b5 9. Re1 bxc4 10. Bxc4 exd5 11. exd5 Nbd7 12. Bg5 h6 13. Bh4 Nb6 14. Na3 Bb7 15. Bxf6 Bxf6 16. Rb1 a5 17. b3 Qd7 18. Qd2 Rfe8 19. Rxe8+ Qxe8 20. Re1 Qd7 21. Nb5 Kg7 22. g4 Nxd5 23. Bxd5 Qxb5 24. Bxb7 Qxb7 25. Qd3 Qd7 26. Qd5 Rd8 27. g5 hxg5 28. Nxg5 Rh8 29. Re3 Bxg5 30. Qxg5 Rxh3 31. Rxh3 Qxh3 32. Qd8 Qg4+ 33. Kh2 Qf4+ 0-1

[Event "Hessen-chB"]
[Site "Marburg"]
[Date "2006.04.13"]
[Round "4.33"]
[White "Hoellwarth, Kai"]
[Black "Bachmann, Bjoern"]
[Result "1-0"]
[WhiteElo "1623"]
[BlackElo "1229"]
[PlyCount "57"]
[EventDate "2006.04.13"]
[EventType "swiss"]
[EventRounds "7"]
[EventCountry "GER"]
[SourceTitle "EXT 2007"]
[Source "ChessBase"]
[SourceDate "2006.11.23"]
[SourceVersion "1"]
[SourceVersionDate "2006.11.23"]
[SourceQuality "1"]

1. e4 d6 2. d4 Nf6 3. Bd3 g6 4. Ne2 Bg7 5. Bg5 0-0 6. Qd2 c6 7. c4 e5 8. d5 Qb6 9. 0-0 Na6 10. Be3 Qb4 11. a3 Qxd2 12. Nxd2 Ng4 13. Bg5 h6 14. Bh4 Nc5 15. Bc2 Bf6 16. Bxf6 Nxf6 17. b4 Ncd7 18. dxc6 bxc6 19. Nc3 a5 20. Rad1 axb4 21. axb4 Bb7 22. Nf3 c5 23. Rxd6 cxb4 24. Nd5 Rfe8 25. Nxf6+ Nxf6 26. Rxf6 Ba6 27. Bb3 Red8 28. Nxe5 Ra7 29. Nc6 1-0

[Event "Hessen-chB"]
[Site "Marburg"]
[Date "2006.04.13"]
[Round "2.32"]
[White "Radtke, Thoralf"]
[Black "Bachmann, Bjoern"]
[Result "1-0"]
[WhiteElo "1646"]
[BlackElo "1229"]
[PlyCount "46"]
[EventDate "2006.04.13"]
[EventType "swiss"]
[EventRounds "7"]
[EventCountry "GER"]
[SourceTitle "EXT 2007"]
[Source "ChessBase"]
[SourceDate "2006.11.23"]
[SourceVersion "1"]
[SourceVersionDate "2006.11.23"]
[SourceQuality "1"]

1. f4 d6 2. Nf3 Nf6 3. e3 g6 4. b3 Bg7 5. Bb2 0-0 6. c4 c6 7. Be2 Bg4 8. 0-0 Nbd7 9. d3 d5 10. Nbd2 e6 11. h3 Bxf3 12. Bxf3 Nb6 13. Qe1 Nfd7 14. Bxg7 Kxg7 15. Be2 f5 16. Nf3 Qf6 17. d4 c5 18. Rd1 Rac8 19. dxc5 Nxc5 20. b4 Ncd7 21. c5 Nc4 22. Bxc4 Nxc5 23. Be2 Nd7 1-0